Textbook of criminal law /. (Record no. 1922)

000 -LEADER
fixed length control field nam a22 a 4500
005 - DATE AND TIME OF LATEST TRANSACTION
control field 20170512121031.0
008 - FIXED-LENGTH DATA ELEMENTS--GENERAL INFORMATION
fixed length control field 170512b1983 enk||||| |||| 00| 0 eng d
020 ## - INTERNATIONAL STANDARD BOOK NUMBER
International Standard Book Number 0420468609
Terms of availability £16.50
040 ## - CATALOGING SOURCE
Original cataloging agency AKMAL
082 ## - DEWEY DECIMAL CLASSIFICATION NUMBER
Classification number 345.73 WIL
090 ## - LOCALLY ASSIGNED LC-TYPE CALL NUMBER (OCLC); LOCAL CALL NUMBER (RLIN)
Classification number (OCLC) (R) ; Classification number, CALL (RLIN) (NR) 345.73
Local cutter number (OCLC) ; Book number/undivided call number, CALL (RLIN) WIL
100 ## - MAIN ENTRY--PERSONAL NAME
Personal name Williams, Glanville Llewelyn
Dates associated with a name 1911-1997.
9 (RLIN) 3997
245 10 - TITLE STATEMENT
Title Textbook of criminal law /.
Statement of responsibility, etc. by Glanville Williams.
250 ## - EDITION STATEMENT
Edition statement 2nd ed.
260 ## - PUBLICATION, DISTRIBUTION, ETC.
Place of publication, distribution, etc. London
Name of publisher, distributor, etc. Stevens
Date of publication, distribution, etc. 1983.
300 ## - PHYSICAL DESCRIPTION
Extent xlvii,1007p.
Dimensions 24cm
500 ## - GENERAL NOTE
General note Includes index.
650 ## - SUBJECT ADDED ENTRY--TOPICAL TERM
Topical term or geographic name entry element Criminal law
Geographic subdivision Great Britain.
9 (RLIN) 3987
852 ## - LOCATION
Location British Library
Sublocation or collection HMNTS
852 ## - LOCATION
Location British Library
Sublocation or collection DSC
942 ## - ADDED ENTRY ELEMENTS (KOHA)
Source of classification or shelving scheme
Koha item type Book
Holdings
Withdrawn status Lost status Source of classification or shelving scheme Damaged status Not for loan Collection code Home library Current library Shelving location Date acquired Inventory number Total Checkouts Full call number Barcode Date last seen Price effective from Koha item type
          NON-FICTION AKMAL Melaka AKMAL Melaka PINJAMAN 12.05.2017 301311   345.73 WIL 201705825 12.05.2017 12.05.2017 Book
Pusat Sumber Maklumat Dato' Haji Sarmin Md Hussin, Akademi Kastam Diraja Malaysia, Melaka
Tel: 06-2331106 | Faks: 06-2313787